AFL Stadiums 2024 - Statistics

General Stats
  • This quiz has been taken 27 times
    14 since last reset
  • The average score is 14 of 17
Answer Stats
Location Answer % Correct
Adelaide Adelaide Oval
100%
Melbourne Marvel Stadium
100%
Melbourne MCG
100%
Sydney ENGIE Stadium
92%
Geelong GMHBA Stadium
92%
Perth Optus Stadium
92%
Sydney SCG
92%
Brisbane The GABBA
92%
Ballarat Mars Stadium
83%
Norwood Norwood Oval
83%
Canberra Manuka Oval
75%
Gold Coast People First Stadium
75%
Darwin TIO Stadium
75%
Hobart Blundstone Arena
58%
Mount Barker Adelaide Hills
50%
Launceston UTAS Stadium
50%
Alice Springs TIO Traeger Park
42%
No matching quizzes found
Score Distribution
Percent of People with Each Score
Percentile by Number Answered
Your Score History
You have not taken this quiz since the last reset